| 000 | 00522nam a22001931a 4500 | ||
|---|---|---|---|
| 001 | 288 | ||
| 003 | OSt | ||
| 005 | 20260204211647.0 | ||
| 008 | 031125s1984||||dr ||||||b||||||||||spa|| | ||
| 050 | _aRD 920 C894n | ||
| 082 | _aRD 920 C894n | ||
| 100 | _aCuervo Gómez, Manuel Antonio | ||
| 245 | _aNapoleón: semblanza de un héroe / Manuel Antonio Cuervo Gómez | ||
| 264 | _aSanto Domingo : Edita-Libros | ||
| 300 | _a347 p | ||
| 500 | _aIncluye bibliografía | ||
| 650 | _a1.Biografías-NapoleónÌ | ||
| 942 |
_2ddc _cBK |
||
| 999 |
_c288 _d288 |
||